ART AND PSYCHOANALYSIS (Record no. 1907)
[ view plain ]
| 000 -LEADER | |
|---|---|
| fixed length control field | 00363nam a22001337a 4500 |
| 005 - DATE AND TIME OF LATEST TRANSACTION | |
| control field | 20241203094122.0 |
| 008 - FIXED-LENGTH DATA ELEMENTS--GENERAL INFORMATION | |
| fixed length control field | 241203b |||||||| |||| 00| 0 eng d |
| 050 ## - LIBRARY OF CONGRESS CALL NUMBER | |
| Classification number | PN501. |
| Item number | P5 ART |
| 245 ## - TITLE STATEMENT | |
| Title | ART AND PSYCHOANALYSIS |
| 260 ## - PUBLICATION, DISTRIBUTION, ETC. | |
| Place of publication, distribution, etc. | NEW YORK |
| Name of publisher, distributor, etc. | THE WORLD PUBLISHING COMPANY |
| Date of publication, distribution, etc. | c1957 |
| 300 ## - PHYSICAL DESCRIPTION | |
| Extent | xxiv, 533p |
| 700 ## - ADDED ENTRY--PERSONAL NAME | |
| Personal name | edited by WILLIAM PHILIPS |
| 942 ## - ADDED ENTRY ELEMENTS (KOHA) | |
| Source of classification or shelving scheme | Library of Congress Classification |
| Koha item type | Books |
| Suppress in OPAC | No |
| 999 ## - | |
| -- | 1907 |
| -- | 1907 |
| Withdrawn status | Lost status | Source of classification or shelving scheme | Damaged status | Not for loan | Home library | Current library | Date acquired | Total checkouts | Full call number | Barcode | Date last seen | Copy number | Price effective from | Koha item type | Collection | Shelving location |
|---|---|---|---|---|---|---|---|---|---|---|---|---|---|---|---|---|
| Library of Congress Classification | Undergraduate Library (Christ Temple) | Undergraduate Library (Christ Temple) | 12/03/2024 | PN203 LOD | ulct00000478 | 12/03/2024 | 1 | 12/03/2024 | Books | |||||||
| Library of Congress Classification | Undergraduate Library (Christ Temple) | Undergraduate Library (Christ Temple) | 12/03/2024 | PN203 LOD | ulct00000479 | 12/03/2024 | 2 | 12/03/2024 | Books | Non-fiction | General stacks | |||||
| Library of Congress Classification | Undergraduate Library (Christ Temple) | Undergraduate Library (Christ Temple) | 12/03/2024 | PN203 LOD | ulct00000480 | 12/03/2024 | 3 | 12/03/2024 | Books | Non-fiction | General stacks |